| 000 | 00730nam a2200205Ia 4500 | ||
|---|---|---|---|
| 999 |
_c58499 _d58499 |
||
| 003 | GCL | ||
| 005 | 20240530110108.0 | ||
| 008 | 140319s9999 xx 000 0 ara d | ||
| 040 |
_aGCL / _cGCL |
||
| 082 | 0 | 4 |
_221 _a932/ _bق/ب ح |
| 100 | 1 | _aبترى، و.م فلندرز | |
| 245 | 1 | 2 |
_aالحياة الاجتماعية فى مصر القديمة / _cتاليف و.م فلندرز بترى ؛ عبدالمنعم عبدالحليم |
| 260 |
_a[S.N] : _bالهيئة المصرية العامة للكتاب ، _c1975 |
||
| 300 | _a322 ص | ||
| 650 | 0 | 4 | _aالاحوال الاجتماعية |
| 650 | 0 | 4 | _aمصر القديمة |
| 700 | 1 | _aحسن محمد جوهر | |
| 700 | 1 | _aفلندرز بترى | |
| 942 |
_2ddc _cBK |
||